000 00239nam a22000857a 4500
008 160702b xxu||||| |||| 00| 0 eng d
100 _91754
_a Gupta, R.G., et al
245 _aUnderstanding Composite Mathematics
260 _aNew Delhi
_bArya
_c2005
999 _c1460
_d1460